000
00246nam a22001217a 4500
040
_c
SK
082
_a
344
100
_a
DEAP LOEUNG
245
_a
Fishing gears of the cambodian mekong
260
_a
MRC
_b
DEA
_c
2003
300
_a
267p.
942
_c
EK
999
_c
9980
_d
9980